000 00798cam a2200229 a 4500
020 _a047123592X (alk. paper)
040 _cDLC
082 0 0 _a338 WIL 2003 A067 Or.
245 0 0 _aKellogg on technology & innovation /
246 3 _aKellogg on technology and innovation
260 _aHoboken, N.J. :
_bWiley,
_cc2003.
300 _axiii, 354 p. :
_bill. ;
_c24 cm.
650 0 _aTechnological innovations
700 1 _aGulati, Ranjay.
700 1 _aSawhney, Mohanbir S.
700 1 _aPaoni, Anthony.
710 2 _aJ.L. Kellogg Graduate School of Management.
856 4 2 _uhttp://www.loc.gov/catdir/bios/wiley044/2002011427.html
856 4 2 _uhttp://www.loc.gov/catdir/description/wiley037/2002011427.html
856 4 1 _uhttp://www.loc.gov/catdir/toc/wiley031/2002011427.html
942 _cEK
999 _c14416
_d14416